|
|
|
|
| LEADER |
01594nam a22002297a 4500 |
| 001 |
30689 |
| 003 |
BD-DhAAL |
| 008 |
151201s1999 bg ||||| |||| 00| 0 eng d |
| 040 |
|
|
|a BD-DhAAL
|c BD-DhAAL
|
| 082 |
|
|
|2 22
|a 307.1412095492
|
| 245 |
|
|
|a ব্র্যাক-এর গবেষণা বিষয়ক আঞ্চলিক কর্মশালা, রাজশাহী, কুমিল্লা, ময়মনসিংহ ও ফরিদপুর টার্ক :
|f মার্চ ১৯৯৯,
|b ব্র্যাক গবেষণার সংক্ষিপ্ত বিবরণী ও অনুষ্ঠানসূচী /
|
| 260 |
|
|
|a ঢাকা :
|b ব্র্যাক গবেষণা ও মূল্যায়ন বিভাগ,
|c ১৯৯৯.
|
| 300 |
|
|
|a ২৬ পৃষ্ঠা :
|b ২৪ সে. মি.
|
| 541 |
|
|
|a RED, BRAC
|e 30689
|
| 610 |
|
|
|a BRAC
|9 16556
|
| 650 |
|
|
|a Rural development
|z Bangladesh.
|9 16557
|
| 710 |
|
|
|a ব্র্যাক গবেষণা ও মূল্যায়ন বিভাগ
|9 16558
|
| 852 |
|
|
|a Ayesha Abed Library
|
| 942 |
|
|
|2 ddc
|c BK
|
| 999 |
|
|
|c 36324
|d 36324
|
| 952 |
|
|
|0 0
|1 0
|2 ddc
|4 0
|6 307_141209549200000_BRA
|7 1
|8 RPT
|9 57112
|a BRACUL
|b BRACUL
|c BRS
|d 2015-12-01
|e RED, BRAC
|l 0
|o 307.1412095492 BRA
|p 3010030689
|r 2015-12-01
|t 1
|w 2015-12-01
|y BK
|x RED,BRAC ;No price found in the accession register.
|
| 952 |
|
|
|0 0
|1 0
|2 ddc
|4 0
|6 307_141209549200000_BRA
|7 1
|8 RPT
|9 61994
|a BRACUL
|b BRACUL
|c BRS
|d 2015-12-01
|e RED, BRAC
|l 0
|o 307.1412095492 BRA
|p 3010030690
|r 2017-11-27
|t 2
|w 2015-12-01
|y BK
|x RED, BRAC. No price found in the accession register.
|